000 01244cam a2200313 4500
001 3148381
003 ARRUPE
005 20160504120845.0
008 710119r19701775enkcf b 001 0aeng
010 _a 73529236
015 _aB70-22080
020 _a0239000471
040 _aDLC
_cDLC
_dDLC
050 0 0 _aQD22.P8
_bA33 1970
082 0 0 _a540/.924
_aB
100 1 _aPriestley, Joseph,
_d1733-1804.
_96810
240 1 0 _aMemoirs of Dr. Joseph Priestley to the year 1795
245 0 0 _aAutobiography of Joseph Priestley: memoirs written by himself;
_b[and], An account of further discoveries in air;
_c[compiled with notes and an] introduction by Jack Lindsay.
260 _aBath,
_bAdams & Dart,
_c1970.
300 _a159 p.;
_c23 cm.
350 _a42/-
500 _aAutobiography originally published London, J. Johnson, 1806. An account of further discoveries in air, originally published 1775.
504 _aBibliography: p. [153]-154.
600 1 0 _aPriestley, Joseph,
_d1733-1804.
_96810
700 1 2 _aPriestley, Joseph,
_d1733-1804.
_tAccount of further discoveries in air.
_f1970.
_924232
740 0 _aAccount of further discoveries in air.
906 _a7
_bcbc
_corignew
_d3
_encip
_f19
_gy-gencatlg
942 _2lcc
_cMONOGRAPH
999 _c124758
_d124758